| 000 | 00547nam a2200217Ia 4500 | ||
|---|---|---|---|
| 008 | 210210b2009 xxu||||| |||| 00| 0 eng d | ||
| 020 | _a9788120337039 | ||
| 041 | _aeng | ||
| 082 | _a658.406 KONO | ||
| 100 | _aKONDALKAR (V G) | ||
| 245 | _aOrganization effectiveness and change management | ||
| 260 |
_aND _bPHI Learning Pvt. Ltd. _c2009 |
||
| 300 | _axxi,446 | ||
| 650 | _aOrganization | ||
| 650 | _amanagement | ||
| 650 | _aeffectiveness | ||
| 650 | _achange | ||
| 650 | _aand | ||
| 690 | _aExecutive Management | ||
| 906 | _a063899 | ||
| 999 |
_c150600 _d150600 |
||